01379 a2200157 45000010006000000050017000060080041000230030015000640400040000790800183001192450081003022640126003833000019005095050672005281000021012005941720260407155848.0260407a1968 arg spa dAR-UNSa-BCEJYS aAR-UNSa-BCEJYSbspacAR-UNSa-BCEJYS a338.1(8)xSituación económica. Ciclos. Desarrollo de la estructura económica en América del sur. Estados y regiones de América del sur. América latina. Iberoamérica10aLa república Dominicana y la integración económica de América Latina 1aBuenos Aires :bBID/INTAL (Banco Interamericano de Desarrollo. Instituto para la integración de América Latina)c1968 a269 p.c23 cm. a1. Observaciones preliminares – 2. El desarrollo económico de la República Dominicana. Los problemas de base – 3. El sector externo de la economía dominicana. Su estructura e instituciones – 4. Las ventajas generales de la integración económica y el caso de la República Dominicana – 5. Posibilidades, problemas y limitaciones de una mayor relación entre la República Dominicana y Haití – 6. Las relaciones económicas de la República Dominicana con el área del Caribe – 7. La aproximación de la República Dominicana al Mercado Común Centroamericano – 8. La República Dominicana ante la ALALC – 9. Resumen y conclusiones1 aTamames, Ramón